Regulation and entry into telecommunications markets

Salvato in:
Dettagli Bibliografici
Autore principale: Bijl, Paul de
Altri autori: Peitz, Martin
Natura: Libro
Lingua:inglese
Pubblicazione: New York Cambridge University Press 2008
Soggetti:
Tags: Aggiungi Tag
Nessun Tag, puoi essere il primo ad aggiungerne!!

MARC

LEADER 00000nam$a2200000$$$4500
001 0078252
005 20240306135935.0
020 |a 978-0-521-06663-1 
041 0 |a eng 
044 |a US 
245 1 0 |a Regulation and entry into telecommunications markets  |c Paul de Bijl, Martin Peitz 
264 1 |a New York  |b Cambridge University Press  |c 2008 
300 |a xiv, 272 s. 
610 2 0 |a telekomunikácie 
610 2 0 |a trh 
610 2 0 |a regulácia trhu 
610 2 0 |a ceny 
610 2 0 |a modely 
100 1 |a Bijl, Paul de 
700 1 |a Peitz, Martin